• 首页
  • 本馆介绍
  • 公告通知
  • 最新文献
  • 馆藏检索
  • 电子资源
  • 读者导购
  • 参考咨询
  • 我的图书馆
  • 登录
  • 详细信息显示
  • 放入我的书架
  • 预约/预借图书
  • 作者相关作品
  • 分类相关作品
  • 丛书相关作品
  • 出版社相关作品

书目信息

  • 表格格式
  • 工作单格式
  • 卡片格式
题名:
粥谱
    
 
作者: 曹庭栋 , 黄云鸪 原著 ;南南 译注
分册:  
出版信息: 北京   北京日报出版社  2019.12
页数: 290页
开本: 21cm
丛书名:
单 册:
中图分类: TS972.137
科图分类:
主题词: 粥--zhou--食谱--中国--清代
电子资源:
ISBN: 978-7-5477-3551-0
000 01200nam0 2200301 450
001 0106081853
005 20201106082046.0
010    @a978-7-5477-3551-0@dCNY68.00
100    @a20200427d2019 em y0chiy50 ea
101 0  @achi
102    @aCN@b110000
105    @aa z 000yy
106    @ar
200 1  @a粥谱@Azhou pu@f(清)曹庭栋, (清)黄云鸪原著@g南南译注
210    @a北京@c北京日报出版社@d2019.12
215    @a290页@c彩图@d21cm
300    @a读啊寻食记系列
314    @a曹庭栋(1700-1785),清代养生家。浙江嘉善人,乾隆六年举人。
314    @a黄云鸪(1819-1898),湖北人,晚清著名学者。
314    @a南南,中国传统文化重度爱好者。
330    @a《粥谱》收录清朝养生著作《老老恒言》第五卷,以及清朝粥专著《粥谱》。《老老恒言》第五卷介绍了有关粥的择米、择水、火候、食候技巧,以及九十种粥做法,包括上品三十六、中品二十七、下品三十七。《粥谱》介绍了有关粥的理论思考,以及二百三十七种粥方。
606 0  @a粥@Azhou@x食谱@y中国@z清代
690    @aTS972.137@v5
701  0 @c(清)@a曹庭栋@Acao ting dong@f(1700-1785)@4原著
701  0 @c(清)@a黄云鸪@Ahuang yun gu@f(1819-1898)@4原著
702  0 @a南南@Anan nan@4译注
801  0 @aCN@bBJSZM@c20201106
905    @b1193528-31@dTS972.137@e594@f4
    
    粥谱/(清)曹庭栋, (清)黄云鸪原著/南南译注.-北京:北京日报出版社,2019.12
    290页:彩图;21cm
    读啊寻食记系列
    
    ISBN 978-7-5477-3551-0:CNY68.00
    《粥谱》收录清朝养生著作《老老恒言》第五卷,以及清朝粥专著《粥谱》。《老老恒言》第五卷介绍了有关粥的择米、择水、火候、食候技巧,以及九十种粥做法,包括上品三十六、中品二十七、下品三十七。《粥谱》介绍了有关粥的理论思考,以及二百三十七种粥方。
●
相关链接 在E读中查询图书 在五车中查询图书 在当当中查询图书 在豆瓣中查询图书


正题名:粥谱     索取号:TS972.137/594         预约/预借

序号 登录号 条形码 馆藏地/架位号 状态 备注
1 1193528   211935281   第二样本阅览室/ [索取号:TS972.137/594] 在馆    
2 1193529   211935290   第三借阅区/ [索取号:TS972.137/594] 在馆    
3 1193530   211935307   第三借阅区/ [索取号:TS972.137/594] 在馆    
4 1193531   211935316   第三借阅区/ [索取号:TS972.137/594] 在馆    
唐山师范学院图书馆 欢迎您!
大连网信软件有限公司© 版权所有